00493nam a2200193 a 4500001001300000003000900013005001700022008004100039020001000080082001600090100002100106245004100127260003600168300000800204500003500212505001200247650001900259700002100278nice12345678IN_TiNIC20260116012158.0050524s1918 teha grp 000 0 per  ac10000a891.51bSAF aSafa, Zabihullah aTareekh Tawahhul-E-Nazm-O-Nasr Parsi aTehranbTehran Universityc1918 a95p aincludes index and biblioraphy2 aTurkish aPersian Poetry1 aSafa, Zabihullah